000 00727nas a2200241 4500
001 BR0808046
003 BR-BrBNA
005 20231205112803.0
007 ta
008 230509b bl.|||p| |||| 00| 00por d
040 _aBR-BrBNA
_bpor
_cBiblioteca Nacional de Agricultura
041 _a(En)
072 _aL73
100 1 _aOrtolani, E.L.
100 1 _aJuly, J.R.
100 1 _aFeitosa, L.F.
245 1 _aA rare case of intussusception in a dairy cow
650 _aVACA LEITEIRA
650 _aDOENÇA ANIMAL
773 0 _tBrazilian Journal of Veterinary Research and Animal Science (Brazil)
_xISSN 1413-9596
_g(1995), v. 32(1) p. 27-30
_wBR0808046
909 _a202311
_bLúcia
_c55
_dLúcia Elande
942 _2AGRIS
_n0
_cANA
999 _c199978
_d199978